Kier climbs to the top of the table (Record no. 79980)

MARC details
000 -LEADER
fixed length control field 00866cab a22001935a 4500
001 - CONTROL NUMBER
control field L142941
008 - FIXED-LENGTH DATA ELEMENTS--GENERAL INFORMATION
fixed length control field 080325e20080319xxkd f 000 0 eng d
035 ## - SYSTEM CONTROL NUMBER
System control number (Sirsi) u142941
041 0# - LANGUAGE CODE
Language code of text/sound track or separate title eng
100 1# - MAIN ENTRY--PERSONAL NAME
Personal name Stagg, James
245 00 - TITLE STATEMENT
Title Kier climbs to the top of the table
260 ## - PUBLICATION, DISTRIBUTION, ETC.
Date of publication, distribution, etc. 2008
490 #0 - SERIES STATEMENT
Series statement Contract Journal
Volume/sequential designation 442(6667) 19 March 2008, 10-11(2)
520 ## - SUMMARY, ETC.
Summary, etc. Kier topped the new work winners monthly league table for February 2008, with Morrison Utility Services in second place and Balfour Beatty in third. Laing O'Rourke headed the top of the new work winners table for the past 12 months. New construction orders in February were much higher than the 12 month average of £2.8bn, with civils out in front with £1.2bn of work.
590 ## - LOCAL NOTE (RLIN)
Local note KA
651 #4 - SUBJECT ADDED ENTRY--GEOGRAPHIC NAME
Geographic name Great Britain
Chronological subdivision 1707-
690 ## - LOCAL SUBJECT ADDED ENTRY--TOPICAL TERM (OCLC, RLIN)
Topical term or geographic name as entry element BUILT ENVIRONMENT-CONSTRUCTION MARKET
942 ## - ADDED ENTRY ELEMENTS (KOHA)
Suppress in OPAC 0
Holdings
Withdrawn status Lost status Source of classification or shelving scheme Damaged status Not for loan Home library Current library Shelving location Date acquired Total Checkouts Full call number Barcode Date last seen Copy number Price effective from Koha item type
    Dewey Decimal Classification     London London Journal article 25/03/2008   L142941 142941-1001 06/08/2019 1 06/08/2019 Journal article